ბათუმის შოთა რუსთაველის სახელმწიფო უნივერსიტეტის ბიბლიოთეკა

ავტომობილები და ტრაქტორები პირველი ნაწილი საავტომობილო და სატრაქტორო ძრავების მოწყობილობა და კონსტრუქცია : (ბიბ.ჩანაწერი № 39190)

000 -ლიდერი
ფიქსირებული სიგრძის საკონტროლო ველი 01317nam a2200229Ia 4500
001 - საკონტროლო ნომერი
საკონტროლო ველი 5775
003 - საკონტროლო ნომრის იდენტიფიკატორი
საკონტროლო ველი GE_BSU
005 - ბოლო ოპერაციის თარიღი და დრო
საკონტროლო ველი 20190520153805.0
008 - ფიქსირებული სიგრძის მონაცემთა ელემენტები - ზოგადი ინფორმაცია
ფიქსირებული სიგრძის საკონტროლო ველი 181216s1975||||ge |||||||||||||| ||geo||
040 ## - კატალოგიზაციის წყარო
Transcribing agency GE_BSU
041 ## - ენის კოდი
Language code of text/sound track or separate title geo
080 ## - უნივერსალური ათობითი კლასიფიკაციის ინდექსი
Universal Decimal Classification number 629.113(072) + 629.3.014.2 ნ-23
100 ## - მთავარი ჩანაწერი - პიროვნების სახელი
Personal name ნამორაძე, ა.
9 (RLIN) 1410
245 ## - ცნობა სათაურის შესახებ
Title ავტომობილები და ტრაქტორები პირველი ნაწილი საავტომობილო და სატრაქტორო ძრავების მოწყობილობა და კონსტრუქცია :
Remainder of title სახელმძღვ. /
Statement of responsibility, etc ა. ნამორაძე ; რედ. ჩ. გურგენიძე.
264 ## - წარმოების, გამოცემის, დისტრიბუციის და სხვა ცნობები
გამოცემის, წარმოების, დისტრიბუციის... ადგილი თბილისი :
გამოცემის, წარმოების, დისტრიბუციის... სახელწოდება განათლება,
გამოცემის, წარმოების, დისტრიბუციის... თარიღი 1975.
300 ## - ფიზიკური აღწერა
Extent 335 გვ. :
Other physical details ილ. ;
Dimensions 27 სმ.
504 ## - BIBLIOGRAPHY, ETC. NOTE
Bibliography, etc ბიბლიოგრ. : გვ.332.
653 ## - INDEX TERM--UNCONTROLLED
Uncontrolled term ავტომობილები და ტრაქტორები
653 ## - INDEX TERM--UNCONTROLLED
Uncontrolled term საავტომობილო და სატრაქტორო ძრავების მოწყობილობა და კონსტრუქცია
700 ## - ADDED ENTRY--PERSONAL NAME
Personal name გურგენიძე, ჩ.
Relator term რედაქტორი
9 (RLIN) 1411
942 ## - ADDED ENTRY ELEMENTS (KOHA)
Koha item type წიგნი
Source of classification or shelving scheme
ეგზემპლარები
ჩამოწერის სტატუსი დაკარგული ეგზემპლარის სტატუსი კლასიფიკაციის წყარო ან თაროზე გაწყობის სქემა დაზიანების სტატუსი არ გაიცემა მუდმივი მდებარეობა (დაცვის ადგილი) ამჟამინდელი ადგილსამყოფელი თაროზე განთავსების ადგილი შეძენის თარიღი ღირებულება, შესყიდვის ნორმალური ფასი სრული შენახვის შიფრი შტრიხკოდი ბოლო ოპერაციის თარიღი ეგზემპლარის მიმდევრობითი ნომერი (კეტერი?) ფასის ძალაში შესვლის თარიღი ეგზემპლარის სახეობა საჯარო შენიშვნა
          ტექნოლოგიური ფაკულტეტის ბიბლიოთეკა ტექნოლოგიური ფაკულტეტის ბიბლიოთეკა წიგნსაცავი 2018-12-17 2.00 629.113(072) + 629.3.014.2 ნ-23 11924 2018-12-17 11924 2018-12-17 წიგნი 2-48 ლ.
          ტექნოლოგიური ფაკულტეტის ბიბლიოთეკა ტექნოლოგიური ფაკულტეტის ბიბლიოთეკა წიგნსაცავი 2018-12-17 2.48 629.113(072) + 629.3.014.2 ნ-23 11925 2018-12-17 11925 2018-12-17 წიგნი 2.48 ლ.